000 00798nam a22001937a 4500
001 EIF-IV-1999-M1-009
003 OSt
005 20221107113414.0
008 221107b |||||||| |||| 00| 0 eng d
040 _aFundación Jesús Pereda
_cFundación Jesús Pereda
041 _aCastellano
100 _aGómez Cuesta, Cristina
_9288
111 _aEncuentro de Investigadores del Franquismo
_c(Valencia.
_d1999.
_n4º)
_996
245 _aLa sociedad española durante la posguerra:
_bde la tragedia a la supervivencia
_c/Cristina Gómez Cuesta
650 0 _9124
_aEstudio socioeconómico
773 _tActas del IV Encuentro de Investigadores del Franquismo
_g047-053 p.
856 _uhttps://bibliotecaccoocyl.fundacionjesuspereda.es/cgi-bin/koha/opac-retrieve-file.pl?id=4f701ae3468772e018afb70ef9927682
942 _2ddc
_cCF
_n0
999 _c121
_d121